LEADER 01152nam 2200361 450 001 9910480782603321 005 20170925211655.0 010 $a0-309-44971-5 035 $a(CKB)4340000000021020 035 $a(MiAaPQ)EBC4720520 035 $a(EXLCZ)994340000000021020 100 $a20200110d2016 uy 0 101 0 $aeng 135 $aurcnu|||||||| 181 $ctxt$2rdacontent 182 $cc$2rdamedia 183 $acr$2rdacarrier 200 12$aA vision for the future of center-based multidisciplinary engineering research $eproceedings of a symposium /$fJoe Alper 210 1$aWashington, DC :$cNational Academies Press,$d2016. 215 $a1 online resource (59 pages) 311 $a0-309-44970-7 606 $aEngineering$xResearch$zUnited States$vCongresses 608 $aElectronic books. 615 0$aEngineering$xResearch 676 $a620.0072073 700 $aAlper$b Joe$0876717 801 0$bMiAaPQ 801 1$bMiAaPQ 801 2$bMiAaPQ 906 $aBOOK 912 $a9910480782603321 996 $aA vision for the future of center-based multidisciplinary engineering research$91957605 997 $aUNINA LEADER 02117nas 2200637- 450 001 9910134967703321 005 20241221111338.0 011 $a2333-1461 035 $a(DE-599)ZDB2738415-9 035 $a(OCoLC)60628128 035 $a(CKB)110985822457756 035 $a(CONSER)--2013273662 035 $a(MiFhGG)5DBL 035 $a(EXLCZ)99110985822457756 100 $a20050614a19849999 --- a 101 0 $aeng 135 $aur||||||||||| 181 $ctxt$2rdacontent 182 $cc$2rdamedia 183 $acr$2rdacarrier 200 00$aCanadian journal of Latin American and Caribbean studies 210 31$a[Abingdon, Oxon], UK :$cRoutledge, Taylor & Francis Group 215 $a1 online resource 300 $aAt head of title: NS. 311 08$a0826-3663 517 1 $aRevue canadienne des études latino-américaines et caraïbes 517 1 $aNS 517 1 $aCJLACS/RCELAC 517 1 $aCJLACS 531 $aCANADIAN JNL OF LATIN AMERICAN CARIBBEAN STUDIES 531 $aCAN J LAT AM CARIBB STUD 606 $aAMERICA LATINA$xESTUDIOS$xPUBLICACIONES PERIODICAS$2renib 607 $aLatin America$vPeriodicals 607 $aCaribbean Area$vPeriodicals 607 $aAmérique latine$vPériodiques 607 $aCaraïbes, Région des$vPériodiques 607 $aAmeryka ?aci?ska$2dbn 607 $aKaraiby ; region$2dbn 607 $aCaribbean Area$2fast 607 $aLatin America$2fast 608 $aCzasopismo spo?eczno-polityczne.$2dbn 608 $aPeriodicals.$2fast 608 $aPeriodicals.$2lcgft 610 1 $aSocial conditions. 610 1 $aSouth America. 610 1 $aCentral America. 610 1 $aCaribbean region. 615 7$aAMERICA LATINA$xESTUDIOS$xPUBLICACIONES PERIODICAS. 676 $a980/.005 676 $a980 712 02$aCanadian Association of Latin American and Caribbean Studies, 712 02$aCanadian Association for Latin American and Caribbean Studies, 906 $aJOURNAL 912 $a9910134967703321 996 $aCanadian journal of Latin American and Caribbean studies$92098306 997 $aUNINA